A narratological commentary on the Odyssey (Record no. 4813)
[ view plain ]
| 000 -LEADER | |
|---|---|
| fixed length control field | 01362nam a2200349 a 4500 |
| 082 04 - DEWEY DECIMAL CLASSIFICATION NUMBER | |
| Classification number | 883/.01 |
| 100 1# - MAIN ENTRY--AUTHOR NAME | |
| Personal name | Jong, Irene J. F. de. |
| 245 12 - TITLE STATEMENT | |
| Title | A narratological commentary on the Odyssey |
| 260 ## - PUBLICATION, DISTRIBUTION, ETC. (IMPRINT) | |
| Place of publication | Cambridge, UK ; |
| -- | New York : |
| Name of publisher | Cambridge University Press, |
| Year of publication | 2001. |
| 300 ## - PHYSICAL DESCRIPTION | |
| Number of Pages | xix, 627 p. |
| 650 #0 - SUBJECT ADDED ENTRY--TOPICAL TERM | |
| Topical Term | Epic poetry, Greek |
| Topical Term | Odysseus (Greek mythology) in literature. |
| Topical Term | Narration (Rhetoric) |
| Topical Term | Rhetoric, Ancient. |
| 856 40 - ELECTRONIC LOCATION AND ACCESS | |
| Uniform Resource Identifier | http://site.ebrary.com/lib/rucke/Doc?id=10001887 |
No items available.
